书目信息 |
| 题名: |
中国文学家辞典
|
|
| 作者: | ;北京语言学院《中国文学家辞典》编委会 编 | |
| 分册: | 现代第二分册 | |
| 出版信息: | 成都 四川人民出版社 1982.03 |
|
| 页数: | 1010页 | |
| 开本: | 19cm | |
| 丛书名: | ||
| 单 册: | ||
| 中图分类: | K82-61 | |
| 科图分类: | ||
| 主题词: | 人物--传记--中国 | |
| 电子资源: | ||
| ISBN: | ||
| 000 | 00717nam0 2200217 45 | |
| 001 | 0179007045 | |
| 005 | 20050429090905.2 | |
| 010 | @dCNY2.90 | |
| 091 | @a17118.51 | |
| 100 | @a19950725d1982 em y0chiy0121 ea | |
| 101 | 0 | @achi |
| 102 | @aCN@b510000 | |
| 105 | @ay z 000yy | |
| 200 | 10 | @a中国文学家辞典@Azhong guo wen xue jia ci dian@h现代第二分册@f北京语言学院《中国文学家辞典》编委会编@FBei Jing Yu Yan Xue Yuan《Zhong Guo Wen Xue Jia Ci Dian》Bian Wei Hui Bian |
| 210 | @a成都@c四川人民出版社@d1982.03 | |
| 215 | @a1010页@d19cm | |
| 606 | 0 | @a人物@x传记@x中国 |
| 690 | @aK82-61@v3 | |
| 711 | 02 | @a北京语言学院《中国文学家辞典》编委会@4编 |
| 801 | 0 | @aCN@bNLC@c20050429 |
| 905 | @dK82-61@e11:2@f2@b86460-461 | |
| 中国文学家辞典.现代第二分册/北京语言学院《中国文学家辞典》编委会编.-成都:四川人民出版社,1982.03 |
| 1010页;19cm |
| ISBN :CNY2.90 |
| ● |
| 相关链接 |
|
|
|
|
正题名:中国文学家辞典
索取号:K82-61/11:2
 
预约/预借
| 序号 | 登录号 | 条形码 | 馆藏地/架位号 | 状态 | 备注 |
| 1 | 0086460 | 001414428 | 密集书库/ [索取号:K82-61/11:2] | 在馆 | |
| 2 | 0086461 | 001414302 | 密集书库/ [索取号:K82-61/11:2] | 在馆 | |
| 3 | 0086462 | 001414384 | 第二样本阅览室/ [索取号:K82-61/11:2] | 在馆 |